书目信息 |
| 题名: |
花风景摄影技法
|
|
| 作者: | 麻贺 进 照片.文字 ;张艳辉 , 单宝忠 译 | |
| 分册: | ||
| 出版信息: | 长春 吉林科学技术出版社 1999.1 |
|
| 页数: | 175页 | |
| 开本: | 32开 | |
| 丛书名: | 图解摄影技法译丛 | |
| 单 册: | ||
| 中图分类: | J414 | |
| 科图分类: | ||
| 主题词: | 摄影技术--普及读物 , 摄影艺术--各种 | |
| 电子资源: | ||
| ISBN: | 7-5384-1992-6 | |
| 000 | 00800nam0 2200253 45 | |
| 001 | 0012251546 | |
| 005 | 20031225110427.8 | |
| 010 | @a7-5384-1992-6@dCNY33.00 | |
| 100 | @a20001225d1999 km y0chiy0120 ea | |
| 101 | 0 | @achi@cjpn |
| 105 | @a z 000yy | |
| 200 | 1 | @a花风景摄影技法@AHua Feng Jing She Ying Ji Fa@f(日)麻贺 进照片.文字@F(Ri)Ma He Jin Zhao Pian.Wen Zi@g张艳辉,单宝忠译 |
| 210 | @a长春@c吉林科学技术出版社@d1999.1 | |
| 215 | @a175页@c彩图@d32开 | |
| 225 | @a图解摄影技法译丛 | |
| 410 | @12001 @a图解摄影技法译丛 | |
| 606 | 0 | @a摄影技术@x普及读物 |
| 606 | 0 | @a摄影艺术@x各种 |
| 690 | @aJ414@v1 | |
| 701 | 0 | @a麻贺 进@4照片.文字 |
| 702 | 0 | @a张艳辉@AZhang Yan Hui@4译 |
| 702 | 0 | @a单宝忠@ADan Bao Zhong@4译 |
| 801 | @aCN@bTSTC@c20001225 | |
| 905 | @b294202-211@dJ414@e109@f10 | |
| 花风景摄影技法/(日)麻贺 进照片.文字/张艳辉,单宝忠译.-长春:吉林科学技术出版社,1999.1 |
| 175页:彩图;32开.-(图解摄影技法译丛) |
| ISBN 7-5384-1992-6:CNY33.00 |
| ● |
| 相关链接 |
|
|
|
|
正题名:花风景摄影技法
索取号:J414/109
 
预约/预借
| 序号 | 登录号 | 条形码 | 馆藏地/架位号 | 状态 | 备注 |
| 1 | 0294202 | 002942025 | 第一借阅区/ [索取号:J414/109] | 在馆 | |
| 2 | 0294203 | 002942034 | 第一借阅区/ [索取号:J414/109] | 在馆 | |
| 3 | 0294204 | 002942043 | 第一借阅区/ [索取号:J414/109] | 在馆 | |
| 4 | 0294205 | 002942052 | 第一借阅区/ [索取号:J414/109] | 在馆 | |
| 5 | 0294206 | 002942061 | 第一借阅区/ [索取号:J414/109] | 在馆 | |
| 6 | 0294207 | 002942070 | 第一借阅区/ [索取号:J414/109] | 在馆 | |
| 7 | 0294208 | 002942089 | 第一借阅区/ [索取号:J414/109] | 在馆 | |
| 8 | 0294209 | 002942098 | 第一借阅区/ [索取号:J414/109] | 在馆 | |
| 9 | 0294210 | 002942105 | 第一借阅区/ [索取号:J414/109] | 在馆 | |
| 10 | 0294211 | 002942114 | 第一样本阅览室/ [索取号:J414/109] | 在馆 |